Pineda y Bascuñán defensor del araucano: vida y escritos de un criollo del siglo XVII

I tiakina i:
Ngā taipitopito rārangi puna kōrero
Kaituhi matua: Anadón, José (Author)
Hōputu: Pukapuka
Reo:Pāniora
I whakaputaina: Santiago Universitaria 1977
Rangatū:Theses et Studia Scholastica, 4
Ngā marau:
Ngā Tūtohu: Tāpirihia he Tūtohu
Kāore He Tūtohu, Me noho koe te mea tuatahi ki te tūtohu i tēnei pūkete!

MARC

LEADER 00000nam a2200000 a 4500
001 UCQ6851
003 CL-VaPUC
008 981023e19770000CL |||||||||||||||||spa|d
082 0 4 |a Ch863.09  |b ANA  |2 21 
100 0 |a Anadón, José  |e author  |9 420783 
245 1 0 |a Pineda y Bascuñán defensor del araucano: vida y escritos de un criollo del siglo XVII 
300 |a 287 p 
942 |c BK 
945 |d 19981023 00:00:00  |a crobeson 
260 |a Santiago  |b Universitaria  |c 1977 
600 0 |a Núñez de Pineda y Bascuñán, Francisco,  |d 1607-1682  |9 318978 
650 0 |a Prosa chilena   |9 267787 
650 0 |a Literatura chilena   |9 308278 
650 0 |a Crítica e interpretación   |9 255042 
583 |a last modification  |c 19981023 00:00:00  |k Rodrigo Vera 
490 0 |a Theses et Studia Scholastica, 4 
999 |c 276754  |d 276752 
952 |0 0  |1 0  |4 0  |6 CH_863_090000000000000_ANA_1977  |7 0  |8 A  |9 314206  |a BIBEDU  |b BIBEDU  |d 2019-11-20  |i 1484443  |o Ch863.09 ANA 1977  |p 1484443  |r 2019-11-20  |w 2019-11-20  |y BK  |k LIT